Critique of contingent valuation and travel cost methods for valuing natural resources and ecosystems (Registro nro. 12625)

Detalles MARC
000 -CABECERA
Campo de control 006100000a22001810004500
090 ## - CLASIFICACIÓN LOCAL
Colección AR
Consecutivo 03575
041 0# - IDIOMA
Código de idioma para texto/pista de sonido o título separado
100 1# - ASIENTO PRINCIPAL--NOMBRE PERSONAL
Nombre personal Eberle, W. David
245 10 - MENCION DE TITULO
Título Critique of contingent valuation and travel cost methods for valuing natural resources and ecosystems
500 ## - NOTA GENERAL
Nota general Colección uso y valoración
650 14 - ASIENTO SECUNDARIO DE MATERIA - TERMINO TEMATICO
Término temático o nombre geográfico como elemento de entrada Economía ambiental
650 14 - ASIENTO SECUNDARIO DE MATERIA - TERMINO TEMATICO
Término temático o nombre geográfico como elemento de entrada Valoración contingente
650 14 - ASIENTO SECUNDARIO DE MATERIA - TERMINO TEMATICO
Término temático o nombre geográfico como elemento de entrada Costo de viaje
650 14 - ASIENTO SECUNDARIO DE MATERIA - TERMINO TEMATICO
Término temático o nombre geográfico como elemento de entrada Teoría económica
700 1# - ASIENTO SECUNDARIO - NOMBRE PERSONAL
Nombre personal Hayden, F. Gregory
773 1# - Item fuente:
Título Journal of Economic Issues
Descripción física 3
Paginas del Articulo 649-687
Lugar, editorial y fecha de publicación 1991
Información sobre la relación 25
942 ## - ELEMENTOS ADICIONALES (KOHA)
Tipo de ítem Artículo
Existencias
Withdrawn status Lost status Damaged status No para préstamo Colección Ubicación Permanente Ubicación actual Fecha de adquisición Fuente de Valor Datos de publicación Seriada Total Checkouts Número topográfico Inventario / Código de Barras Date last seen Ejemplar Price effective from Forma de adquisición Tipo de material
      No para Préstamo Hemeroteca Bogotá Bogotá 27/02/2015 Cavelier, Inés Fuera de circulación   AR 03575 017131 25/03/2015 1 25/03/2015   Artículo